| 000 | 02128nam a2200505 c 4500 | ||
|---|---|---|---|
| 999 |
_c51546 _d51546 |
||
| 001 | 51546 | ||
| 003 | ES-MaCES | ||
| 005 | 20250526142700.0 | ||
| 007 | cr ||||||||||| | ||
| 008 | 201022s2020 sp 000 ||spa d | ||
| 017 |
_aNA 749-2020 _bDL |
||
| 020 | _a9788413087504 | ||
| 020 | _a9788413087528 (electrónico) | ||
| 040 |
_aES-MaCES _bspa _cES-MaCES |
||
| 245 | 0 | 3 |
_aLa discriminación de la mujer en el trabajo y las nuevas medidas legales para garantizar la igualdad de trato en el empleo _cBeatriz Rodríguez Sanz de Galdeano [dir.] ; autores, Beatriz Agra Viforcos ... [et al.] |
| 250 | _a1ª ed | ||
| 260 |
_aCizur Menor (Navarra) _bAranzadi-Thomson Reuters _c2020 |
||
| 300 |
_a359 p. _c24 cm |
||
| 490 | 1 | _aEstudios | |
| 500 | _a Publicación en formato DÚO (papel + libro ectrónico). Disponible en formato electrónico mediante la aplicación PROVIEW | ||
| 504 | _aBibliografía | ||
| 541 | _cCompra | ||
| 610 | 1 | 7 |
_93191 _aEspaña _tReal Decreto-ley de medidas urgentes para garantía de la igualdad de trato y de oportunidades entre mujeres y hombres en el empleo y la ocupación _d2019 |
| 650 | 4 |
_amujeres _928657 |
|
| 650 | 4 |
_atrabajadora _928413 |
|
| 650 | 4 |
_adiscriminación por razones de sexo _929521 |
|
| 650 | 4 |
_adiferencia del salario _929458 |
|
| 650 | 4 |
_aconciliación _927303 |
|
| 650 | 4 |
_atrabajo _928289 |
|
| 650 | 4 |
_aresponsabilidades familiares _930598 |
|
| 650 | 4 |
_aseguridad social _927034 |
|
| 650 | 4 |
_aigualdad de oportunidades en el empleo _930649 |
|
| 650 | 4 |
_areforma legislativa _929892 |
|
| 650 | 4 |
_aderecho del trabajo _927165 |
|
| 650 | 4 |
_aderecho comunitario _929866 |
|
| 650 | 4 |
_aEspaña _926964 |
|
| 650 | 4 |
_arégimen jurídico _929894 |
|
| 653 | 1 | 0 | _aDerecho del trabajo y Seguridad Social |
| 700 | 1 |
_922448 _aRodríguez Sanz de Galdeano, Beatriz _edir. |
|
| 700 | 1 |
_95642 _aAgra Viforcos, Beatriz |
|
| 830 | 0 |
_aEstudios (Thomson Reuters-Aranzadi) _934937 |
|
| 856 | 4 |
_uhttps://legalteca.aranzadilaley.es/my-library?sponsor=82111144-IP _yLegalteca |
|
| 902 | _aLIB Libro | ||
| 942 |
_2CES _cBK _h6.0.1. |
||